国旗から国名 - Statistics

General Stats
  • This quiz has been taken 439 times
  • The average score is 116 of 197
Answer Stats
Picture Answer % Correct
アメリカ合衆国
80%
サウジアラビア
79%
インド
79%
カナダ
78%
日本
78%
スイス
78%
オーストラリア
77%
ネパール
77%
フランス
76%
中国
76%
アルゼンチン
76%
北朝鮮
76%
韓国
75%
ブラジル
75%
トルコ
75%
ドイツ
75%
スペイン
75%
イスラエル
74%
ニュージーランド
74%
ウクライナ
74%
イギリス
73%
イタリア
73%
バングラデシュ
73%
パラオ
73%
スウェーデン
73%
ブータン
73%
ケニア
73%
カンボジア
73%
フィンランド
72%
ノルウェー
72%
ギリシャ
72%
ベトナム
72%
レバノン
72%
ベルギー
72%
マレーシア
72%
メキシコ
72%
タイ
72%
カタール
72%
ロシア
71%
デンマーク
71%
ジョージア
71%
フィリピン
71%
シンガポール
70%
南アフリカ
70%
ジャマイカ
70%
バチカン
69%
パキスタン
69%
チェコ
69%
オランダ
68%
エジプト
68%
ラオス
68%
ポルトガル
68%
スリランカ
68%
アイスランド
67%
キプロス
67%
インドネシア
67%
イラク
67%
イラン
67%
ウルグアイ
67%
クロアチア
67%
バーレーン
67%
モンゴル
67%
ナイジェリア
67%
オーストリア
66%
ポーランド
66%
北マケドニア
66%
アイルランド
65%
チュニジア
65%
カザフスタン
65%
キューバ
65%
エストニア
65%
モロッコ
64%
コートジボワール
63%
ミャンマー
63%
キリバス
63%
ベネズエラ
63%
パナマ
63%
チリ
63%
スロバキア
63%
ルーマニア
63%
ラトビア
63%
アルバニア
62%
セーシェル
62%
コロンビア
62%
ブルガリア
61%
コソボ
61%
パプアニューギニア
61%
トルクメニスタン
61%
ソマリア
61%
モナコ
60%
ボスニアヘルツェゴビナ
60%
セルビア
60%
スロベニア
60%
ルクセンブルク
60%
フィジー
60%
ウズベキスタン
59%
ブルネイ
59%
チャド
59%
マルタ
58%
ペルー
58%
シリア
58%
リベリア
58%
ベラルーシ
58%
ハンガリー
57%
サンマリノ
57%
アルジェリア
57%
バルバドス
57%
ナウル
57%
ミクロネシア
57%
シエラレオネ
57%
アンゴラ
57%
エチオピア
57%
ツバル
57%
ドミニカ共和国
56%
モルディブ
56%
エクアドル
56%
キルギス
56%
ウガンダ
56%
トンガ
55%
ニジェール
55%
アゼルバイジャン
55%
アラブ首長国連邦
55%
クウェート
55%
コスタリカ
55%
ホンジュラス
55%
ガーナ
55%
中央アフリカ
55%
エスワティニ
54%
モンテネグロ
54%
マラウイ
53%
アンティグアバーブーダ
53%
東ティモール
53%
リヒテンシュタイン
53%
アルメニア
53%
レソト
53%
コンゴ民主共和国
52%
マーシャル諸島
52%
アンドラ
52%
リビア
51%
トリニダードトバゴ
51%
サモア
51%
パラグアイ
51%
セントルシア
51%
マダガスカル
50%
アフガニスタン
50%
ドミニカ国
50%
エリトリア
49%
ハイチ
49%
ボツワナ
49%
ブルンジ
49%
セントビンセントグレナディーン
49%
ベリーズ
48%
ニカラグア
48%
リトアニア
48%
ザンビア
48%
カメルーン
47%
モーリタニア
47%
オマーン
47%
イエメン
47%
ヨルダン
47%
タンザニア
47%
モザンビーク
47%
マリ
47%
モルドバ
47%
クック諸島
47%
タジキスタン
46%
ジンバブエ
46%
ジブチ
46%
コモロ
45%
サントメプリンシペ
45%
カーボベルデ
45%
セネガル
45%
ニウエ
45%
南スーダン
44%
ガイアナ
44%
ナミビア
43%
バハマ
43%
エルサルバドル
43%
ベナン
43%
トーゴ
43%
モーリシャス
43%
グアテマラ
43%
ブルキナファソ
42%
グレナダ
42%
ソロモン諸島
42%
ガボン
41%
スーダン
41%
ギニアビサウ
41%
ルワンダ
40%
セントクリストファーネイビス
40%
バヌアツ
40%
赤道ギニア
40%
スリナム
40%
コンゴ共和国
39%
ギニア
39%
ガンビア
39%
ボリビア
32%
No matching quizzes found
Score Distribution
Percent of People with Each Score
Percentile by Number Answered
Your Score History
You have not taken this quiz